Does religion increase the prevalence and incidence of obesity in adulthood?
| Authors: | ; |
|---|---|
| Format: | Print Article |
| Language: | English |
| Check availability: | HBZ Gateway |
| Interlibrary Loan: | Interlibrary Loan for the Fachinformationsdienste (Specialized Information Services in Germany) |
| Published: |
2006
|
| In: |
Journal for the scientific study of religion
Year: 2006, Volume: 45, Issue: 2, Pages: 269-281 |
| Standardized Subjects / Keyword chains: | B
Obesity
/ Religiosity
|
| RelBib Classification: | AD Sociology of religion; religious policy AE Psychology of religion |
MARC
| LEADER | 00000caa a22000002c 4500 | ||
|---|---|---|---|
| 001 | 1645798267 | ||
| 003 | DE-627 | ||
| 005 | 20220616123041.0 | ||
| 007 | tu | ||
| 008 | 160405s2006 xx ||||| 00| ||eng c | ||
| 035 | |a (DE-627)1645798267 | ||
| 035 | |a (DE-576)466661975 | ||
| 035 | |a (DE-599)BSZ466661975 | ||
| 040 | |a DE-627 |b ger |c DE-627 |e rakwb | ||
| 041 | |a eng | ||
| 084 | |a 0 |2 ssgn | ||
| 100 | 1 | |a Cline, Krista M. |4 aut | |
| 245 | 1 | 0 | |a Does religion increase the prevalence and incidence of obesity in adulthood? |c Krista M.C. Cline; Kenneth F. Ferraro |
| 264 | 1 | |c 2006 | |
| 336 | |a Text |b txt |2 rdacontent | ||
| 337 | |a ohne Hilfsmittel zu benutzen |b n |2 rdamedia | ||
| 338 | |a Band |b nc |2 rdacarrier | ||
| 601 | |a Religion | ||
| 652 | |a AD:AE | ||
| 689 | 0 | 0 | |d s |0 (DE-588)4016953-4 |0 (DE-627)104306750 |0 (DE-576)208917845 |2 gnd |a Fettsucht |
| 689 | 0 | 1 | |d s |0 (DE-588)4049428-7 |0 (DE-627)10618704X |0 (DE-576)209082011 |2 gnd |a Religiosität |
| 689 | 0 | |5 (DE-627) | |
| 700 | 1 | |a Ferraro, Kenneth F. |4 aut | |
| 773 | 0 | 8 | |i In |t Journal for the scientific study of religion |d Malden, Mass. : Blackwell, 1961 |g 45(2006), 2, Seite 269-281 |w (DE-627)129889083 |w (DE-600)301920-2 |w (DE-576)015193217 |x 0021-8294 |7 nnas |
| 773 | 1 | 8 | |g volume:45 |g year:2006 |g number:2 |g pages:269-281 |
| 776 | 1 | |o 10.1111/j.1468-5906.2006.00305.x | |
| 935 | |a mteo | ||
| 951 | |a AR | ||
| ELC | |b 1 | ||
| ITA | |a 1 |t 1 | ||
| LOK | |0 000 xxxxxcx a22 zn 4500 | ||
| LOK | |0 001 3315655642 | ||
| LOK | |0 003 DE-627 | ||
| LOK | |0 004 1645798267 | ||
| LOK | |0 005 20160405145753 | ||
| LOK | |0 008 160404||||||||||||||||ger||||||| | ||
| LOK | |0 040 |a DE-Tue135 |c DE-627 |d DE-Tue135 | ||
| LOK | |0 092 |o n | ||
| LOK | |0 852 |a DE-Tue135 | ||
| LOK | |0 852 1 |9 00 | ||
| LOK | |0 935 |a ixzs |a ixmi | ||
| LOK | |0 936ln |0 1442043016 |a AD | ||
| LOK | |0 936ln |0 1442043024 |a AE | ||
| LOK | |0 939 |a 04-04-16 |b l01 | ||
| ORI | |a SA-MARC-ixtheoa001.raw | ||
| REL | |a 1 | ||
| STA | 0 | 0 | |a Obesity,Religiosity |
| STB | 0 | 0 | |a Obésité,Religiosité |
| STC | 0 | 0 | |a Obesidad,Religiosidad |
| STD | 0 | 0 | |a Obesità,Religiosità |
| STE | 0 | 0 | |a 宗教性,肥胖症 |
| STF | 0 | 0 | |a 宗教性,肥胖症 |
| STG | 0 | 0 | |a Obesidade,Religiosidade |
| STH | 0 | 0 | |a Ожирение,Религиозность |
| STI | 0 | 0 | |a Θρησκευτικότητα,Παχυσαρκία |
| SUB | |a REL | ||
| SYG | 0 | 0 | |a Adipositas,Fettleibigkeit,Korpulenz,Obesität,Obesity , Religiösität,Religiösität |



